Moscow nights (Запис № 527114)
[ простий вигляд ]
| 000 -LEADER | |
|---|---|
| fixed length control field | 01523cam a2200313 4500 |
| 001 - CONTROL NUMBER | |
| control field | moscownightsslee00teni |
| 003 - CONTROL NUMBER IDENTIFIER | |
| control field | CaSfIA |
| 005 - DATE AND TIME OF LATEST TRANSACTION | |
| control field | 20210118190721.0 |
| 007 - PHYSICAL DESCRIPTION FIXED FIELD--GENERAL INFORMATION | |
| fixed length control field | cr|||| |
| 008 - FIXED-LENGTH DATA ELEMENTS--GENERAL INFORMATION | |
| fixed length control field | 710128s1971 nyu 000 1 eng |
| 010 ## - LIBRARY OF CONGRESS CONTROL NUMBER | |
| LC control number | 70186227 |
| 040 ## - CATALOGING SOURCE | |
| Original cataloging agency | DLC |
| Transcribing agency | DLC |
| Modifying agency | NYP |
| -- | OCLCQ |
| -- | STF |
| -- | CaSfIA |
| 035 ## - SYSTEM CONTROL NUMBER | |
| System control number | (OCoLC)240012 |
| 041 1# - LANGUAGE CODE | |
| Language code of text/sound track or separate title | eng |
| Language code of original and/or intermediate translations of text | rus |
| 050 04 - LIBRARY OF CONGRESS CALL NUMBER | |
| Classification number | PZ4.T2873 |
| -- | PG3489.E53 |
| 082 0# - DEWEY DECIMAL CLASSIFICATION NUMBER | |
| Classification number | 891.7/3/44 |
| 100 1# - MAIN ENTRY--PERSONAL NAME | |
| Personal name | Tenin, Vlas. |
| 240 10 - UNIFORM TITLE | |
| Uniform title | <a href="Spi spokoino, dorogoi tovarishch!">Spi spokoino, dorogoi tovarishch!</a> |
| Language of a work | English |
| 245 10 - TITLE STATEMENT | |
| Title | Moscow nights |
| Medium | [electronic resource] |
| Remainder of title | (Sleep soundly, dear comrade); a fantastic tale, |
| Statement of responsibility, etc | by Vlas Tenin. Translated by Michel le Masque. |
| 260 ## - PUBLICATION, DISTRIBUTION, ETC. (IMPRINT) | |
| Place of publication, distribution, etc | [New York] |
| Name of publisher, distributor, etc | Olympia Press |
| Date of publication, distribution, etc | [c1971] |
| 300 ## - PHYSICAL DESCRIPTION | |
| Extent | 288 p. |
| Dimensions | 24 cm. |
| 500 ## - GENERAL NOTE | |
| General note | Translation of Spi spokoino, dorogoi tovarishch! |
| 506 ## - RESTRICTIONS ON ACCESS NOTE | |
| Standardized terminology for access restriction | Необхідна авторизація на https://archive.org/ (створення облікового запису безкоштовно) |
| 506 ## - RESTRICTIONS ON ACCESS NOTE | |
| Standardized terminology for access restriction | Необхідна авторизація на https://openlibrary.org/ (створення облікового запису безкоштовно) |
| 776 08 - ADDITIONAL PHYSICAL FORM ENTRY | |
| Display text | Online version: |
| Main entry heading | Tenin, Vlas. |
| Uniform title | Spi spokoino, dorogoi tovarishch! English. |
| Title | Moscow nights. |
| Place, publisher, and date of publication | [New York] Olympia Press [c1971] |
| Record control number | (OCoLC)578182549 |
| 856 41 - ELECTRONIC LOCATION AND ACCESS | |
| Uniform Resource Identifier | <a href="http://www.archive.org/details/moscownightsslee00teni">http://www.archive.org/details/moscownightsslee00teni</a> |
| Public note | Free eBook from the Internet Archive |
| 856 42 - ELECTRONIC LOCATION AND ACCESS | |
| Uniform Resource Identifier | <a href="http://www.openlibrary.org/books/OL5709901M">http://www.openlibrary.org/books/OL5709901M</a> |
| Public note | Additional information and access via Open Library |
| 942 ## - ADDED ENTRY ELEMENTS (KOHA) | |
| Koha item type | ЕКнига |
Немає доступних примірників.